The Cambridge guide to literature in English
Αποθηκεύτηκε σε:
| Άλλοι συγγραφείς: | |
|---|---|
| Μορφή: | Βιβλίο |
| Γλώσσα: | English |
| Δημοσίευση: |
Cambridge ; New York :
Cambridge University Press,
1991
|
| Έκδοση: | Rev. pbk. ed., Updated ed. |
| Θέματα: | |
| Ετικέτες: |
Προσθήκη ετικέτας
Δεν υπάρχουν, Καταχωρήστε ετικέτα πρώτοι!
|
MARC
| LEADER | 00000nam a2200000 i 4500 | ||
|---|---|---|---|
| 001 | 1/85530 | ||
| 008 | 981021s1991 eng d | ||
| 020 | |a 0-521-42904-8 | ||
| 035 | |l 10034722 | ||
| 035 | |a 1993 |b 1 |c Πολεμικού | ||
| 040 | |a GR-MY-UA |b gre |e aacr | ||
| 041 | 0 | |a eng | |
| 082 | 0 | |a Π 820.90003 |2 (20) | |
| 245 | 1 | 4 | |a The Cambridge guide to literature in English / |c edited by Ian Ousby ; foreword by Margaret Atwood |
| 250 | |a Rev. pbk. ed., Updated ed. | ||
| 260 | |a Cambridge ; New York : |b Cambridge University Press, |c 1991 | ||
| 300 | |a 1109 p.; |b ill.; |c 25 cm | ||
| 650 | 0 | 0 | |a English literature |x Dictionaries. |
| 650 | 0 | 0 | |a American literature |x Dictionaries. |
| 650 | 0 | 0 | |a English literature |x Bio-bibliography. |
| 650 | 0 | 0 | |a American literature |x Bio-bibliography. |
| 650 | 0 | 0 | |a Authors, English |x Biography |x Dictionaries. |
| 650 | 0 | 0 | |a Authors, American |x Biography |x Dictionaries. |
| 650 | 0 | 0 | |a Authors, Commonwealth |x Biography |x Dictionaries. |
| 650 | 0 | 0 | |a English literature |x Commonwealth of Nations authors |x Dictionaries. |
| 650 | 0 | 0 | |a English literature |x Commonwealth of Nations authors |x Bio-bibliography. |
| 700 | 1 | |a Ousby, Ian |d 1947- |4 edt | |
| 852 | |a INST |b RHODES |e 19981021 |h 820.90003 CAM |p 005400009556 |q 005400009556 |t REF |y 23 | ||
| 909 | |a Ρ |b 026996 |c 1993 | ||